Využitie nuklidov v hydrogeológii

Salvato in:
Dettagli Bibliografici
Autori principali: Pospíšil, P (Autore), Hulla, Jozef, 1940- (Autore), Šáro, Štefan (Autore)
Natura: Libro
Lingua:slovacco
Pubblicazione: Bratislava : Alfa, 1981
Tags: Aggiungi Tag
Nessun Tag, puoi essere il primo ad aggiungerne!!

MARC

LEADER 00000nam a22000003a 4500
001 stu162044
005 20150617225957.9
008 080423s1981----cs------------------slo-d
040 |a STU  |b slo 
041 0 |a slo 
044 |a cs 
080 |a 551.491.84 
080 |a 539.1.074.8 
100 1 |a Pospíšil, P  |4 aut 
245 1 |a Využitie nuklidov v hydrogeológii 
260 |a Bratislava :  |b Alfa,  |c 1981 
300 |a 249 s 
700 1 |a Hulla, Jozef,  |d 1940-  |4 aut  |u V150  |U SvF Stavebná fakulta  |T SvF Katedra geotechniky  |X 897  |U V150  |Y 15  |7 A000000897 
700 1 |a Šáro, Štefan  |4 aut 
996 |b 284V036019  |c V*19885/O-7686a  |l VVS  |s A  |a 24  |w stu162044_0001 
996 |b 284V034864  |c V*19884/O-7686  |l VVT  |s A  |a 24  |w stu162044_0002